| 000 | 00480nam a2200193Ia 4500 | ||
|---|---|---|---|
| 008 | 170918s9999 xx 000 0 und d | ||
| 020 | _a9780590451375 | ||
| 050 | _bK498 1988 | ||
| 100 | _aKimmel, Eric A. | ||
| 245 | 4 | _aThe chanukkah guest / | |
| 245 | _cEric A. Kimmel ; illustrated by Giora Carmi. | ||
| 260 | _aNew York : | ||
| 260 | _bScholastic, | ||
| 260 | _c1988 | ||
| 300 | _aunpaged : | ||
| 300 | _bcolored illustration ; | ||
| 300 | _c25cm. | ||
| 500 | _a450 | ||
| 999 |
_c342638 _d342638 |
||